La fiesta de liberación de los oprimidos: relectura de Jn. 7, 1-10, 21

Gespeichert in:
Bibliographische Detailangaben
1. Verfasser: Zorrilla C., Hugo (VerfasserIn)
Format: Buch
Sprache:Spanisch
Veröffentlicht: San José Sebila 1981
Schlagworte:
Tags: Tag hinzufügen
Keine Tags, Fügen Sie den ersten Tag hinzu!

MARC

LEADER 00000nam a2200000 a 4500
001 UCL5411
003 CL-VaPUC
008 040312e19810000CR |||||||||||||||||spa|d
082 0 4 |a 226.5  |b ZOR  |2 21 
100 0 |a Zorrilla C., Hugo  |e author  |9 483162 
245 1 3 |a La fiesta de liberación de los oprimidos: relectura de Jn. 7, 1-10, 21 
300 |a 318 p 
942 |c BK 
945 |d 20040312 00:00:00  |a vberengu 
260 |a San José  |b Sebila  |c 1981 
650 7 |a EVANGELIOS - CRITICA E INTERPRETACION  |2 CL-VaPUC  |9 478142 
583 |a last modification  |c 20040312 00:00:00  |k Rodrigo Vera 
999 |c 308017  |d 308015 
952 |0 0  |1 0  |4 0  |6 226_500000000000000_ZOR_1981  |7 0  |8 A  |9 374224  |a BIBTEO  |b BIBTEO  |d 2019-11-21  |i 210542K  |o 226.5 ZOR 1981  |p 210542K  |r 2025-01-17  |w 2019-11-21  |y BK  |k ICR